000 01056nam a2200265 a 4500
999 _c1645
_d1645
001 1645
003 BD-JhCC
005 20171022203529.0
008 171022s1986 b a|||| |||| 00| 0 b d
035 _a(BD-JhCC)1645
040 _aBD-JhCC
_dBD-JhCC
041 _aeng
082 _223
_a891.4409
_bHOS 1986
100 _aহোসেন, সেলিনা
245 _aএকুশের স্নারকগ্রন্থ '৮৬ /
_cসেলিনা হোসেন : সুকুমার বিশ্বাস, শফিকুর রহমান চৌধুরী, জাহিদুর রহমান
260 _aঢাকা :
_bবাংলা একাডেমী,
_c১৯৮৬
300 _a370 p. :
_bill. ;
_c22cm.
650 _aBengali Literature
700 _aহোসেন, সেলিনা
700 _aবিশ্বাস, সুকুমার
700 _aচৌধুরী, রহমান, শফিকুর
700 _aরহমান, জাহিদুর
942 _2ddc
_cBK